Catálogo

El mundo de Sofía : (Registro nro. 57390)

Detalles MARC
000 -LEADER
fixed length control field 00811nam a2200265 a 4500
001 - CONTROL NUMBER
control field 57390
005 - DATE AND TIME OF LATEST TRANSACTION
control field 20180714053551.0
008 - FIXED-LENGTH DATA ELEMENTS--GENERAL INFORMATION
fixed length control field 140415s1998 mx r 000 0 spa d
020 ## - INTERNATIONAL STANDARD BOOK NUMBER
International Standard Book Number 9683915159
041 0# - LANGUAGE CODE
Language code of text/sound track or separate title spa
082 0# - DEWEY DECIMAL CLASSIFICATION NUMBER
Classification number 839.82374
Item number GAA
100 1# - MAIN ENTRY--PERSONAL NAME
Personal name Gaarder, Jostein,
Dates associated with a name 1952-
Relator term autor
245 13 - TITLE STATEMENT
Title El mundo de Sofía :
Remainder of title novela sobre la historia de la filosofía /
Statement of responsibility, etc. Jostein Gaarder.
250 ## - EDITION STATEMENT
Edition statement Primera edición
264 #1 - PRODUCTION, PUBLICATION, DISTRIBUTION, MANUFACTURE, AND COPYRIGHT NOTICE
Place of production, publication, distribution, manufacture México :
Name of producer, publisher, distributor, manufacturer Editorial Patria,
Date of production, publication, distribution, manufacture, or copyright notice 1998
300 ## - PHYSICAL DESCRIPTION
Extent x, 638 páginas ;
Dimensions 21 cm.
336 ## - CONTENT TYPE
Content type term texto
Source rdacontent
337 ## - MEDIA TYPE
Media type term sin mediación
Source rdamedia
338 ## - CARRIER TYPE
Carrier type term volumen
Source rdacarrier
650 #4 - SUBJECT ADDED ENTRY--TOPICAL TERM
Topical term or geographic name entry element Filosofía
650 #4 - SUBJECT ADDED ENTRY--TOPICAL TERM
Topical term or geographic name entry element Historia
650 #4 - SUBJECT ADDED ENTRY--TOPICAL TERM
Topical term or geographic name entry element Ficción
700 1# - ADDED ENTRY--PERSONAL NAME
Personal name Baggethun, Kirsti,
Relator term traductor
700 1# - ADDED ENTRY--PERSONAL NAME
Personal name Lorenzo, Asunción,
Relator term traductor
Existencias
Withdrawn status Lost status Source of classification or shelving scheme Damaged status Not for loan Collection code Home library Current library Shelving location Date acquired Source of acquisition Inventory number Total Checkouts Total Renewals Full call number Barcode Date last seen Date last checked out Price effective from Koha item type
    Dewey Decimal Classification     General Biblioteca Karol Wojtyla Biblioteca Karol Wojtyla Sala general 30/03/2016 Compra 151000000000000000032868 13 5 839.82374 GAA 1998 94744 17/02/2026 03/02/2026 30/03/2016 Libro